书目信息 |
| 题名: |
时评写作十六讲
|
|
| 作者: | 曹林 著 | |
| 分册: | ||
| 出版信息: | 北京 北京大学出版社 2020 |
|
| 页数: | 11,473页 | |
| 开本: | 23cm | |
| 丛书名: | ||
| 单 册: | ||
| 中图分类: | G212.2 | |
| 科图分类: | ||
| 主题词: | 时事评论--新闻写作 | |
| 电子资源: | ||
| ISBN: | 978-7-301-30289-7 | |
| 000 | 00740nam0 2200229 450 | |
| 001 | 2034489846 | |
| 005 | 20201129093517.69 | |
| 010 | @a978-7-301-30289-7@dCNY72.00 | |
| 100 | @a20191115d2020 em y0chiy50 ea | |
| 101 | 0 | @achi |
| 102 | @aCN@b110000 | |
| 105 | @ay z 000yy | |
| 200 | 1 | @a时评写作十六讲@9shi ping xie zuo shi liu jiang@b专著@f曹林著 |
| 210 | @a北京@c北京大学出版社@d2020 | |
| 215 | @a11,473页@d23cm | |
| 300 | @a曹林时评系列 | |
| 330 | @a本书由十六讲组成,每一讲都涉及时评写作理论讲解与思维训练、最新时评写作案例分析,以及时评写作专题训练建议与学生习作点评等。 | |
| 606 | 0 | @a时事评论@x新闻写作 |
| 690 | @aG212.2@v5 | |
| 701 | 0 | @a曹林@9cao lin@4著 |
| 801 | 2 | @aCN@b58marc.cn@c20191214 |
| 905 | @aZUCC@dG212.2@e11 | |
| 时评写作十六讲/曹林著.-北京:北京大学出版社,2020 |
| 11,473页;23cm |
| 曹林时评系列 |
| ISBN 978-7-301-30289-7:CNY72.00 |
| 本书由十六讲组成,每一讲都涉及时评写作理论讲解与思维训练、最新时评写作案例分析,以及时评写作专题训练建议与学生习作点评等。 |
| ● |
| 相关链接 |
|
|
|
正题名:时评写作十六讲
索取号:G212.2/11
 
预约/预借
| 序号 | 登录号 | 条形码 | 馆藏地/架位号 | 状态 | 备注 |
| 1 | 872970 | 2000872970 | 第二书库/ [索取号:G212.2/11] | 在馆 | |
| 2 | 872971 | 2000872971 | 第二书库/ [索取号:G212.2/11] | 在馆 | |
| 3 | 872972 | 2000872972 | 第二书库/ [索取号:G212.2/11] | 在馆 |